00820cam a2200217 a 450000100100000000500170001000800410002704000250006808200190009310000270011224501010013926000420024030000270028250400210030965000290033065000310035970000410039070000340043195201220046599900150058700000236920200929150205.0750626s1951 xxua 001 0 eng  aDO-SdBNPbspacBNPHU a641.563bV371g1 aVaughn, Margaret9753610aGood food without salt /cintroducción por Mary Catherine Tyson; prólogo por Solomon Silver. aNew York :bThomas Y. Crowell,c1951. a188 p. :bil ;c21 cm. aIncluye índice 4aDieta libre de sal97537 4aCocina para enfermos975381 aTyson, Mary Catherineeintrod.975391 aSilver, Solomonepró.97540 001052708MOaGRbGRcCTd2009-07-10iLF1l0o641.563 V371gp2369-10r2020-06-25w2020-06-25y2ZPréstamo interno c2211d2211